| 000 | 01019nam a2200253Ia 4500 | ||
|---|---|---|---|
| 999 |
_c45727 _d45727 |
||
| 001 | 12554 | ||
| 003 | GE_BSU | ||
| 005 | 20211130120502.0 | ||
| 008 | 181216s2010||||enk|||||||||||||| ||eng|| | ||
| 020 | _a9780750665223 | ||
| 040 | _cGE_BSU | ||
| 041 | _aeng | ||
| 080 | _a005.21+338.48 O-39 | ||
| 100 |
_aOkumes, Fevzi _913112 |
||
| 245 |
_aStrategic Management for Hospitality and Tourism / _cFevzi Okumus, Levent Altinay, Prakash Chathoth. |
||
| 264 |
_aLondon : _bRoutledge, _c2010. |
||
| 300 |
_a333 p.; _b24 cm. |
||
| 653 | _aStrategic Management for Hospitality and Tourism | ||
| 653 | _aსტრატეგიული მენეჯმენტი მასპინძლობისა და ტურიზმისათვის | ||
| 653 | _aСтратегический менеджмент в сфере гостеприимства и туризма | ||
| 700 |
_aLevent , Altinay _eავტორი _913113 |
||
| 700 |
_aPrakash, Chathoth _eავტორი _913114 |
||
| 942 |
_cBK _2udc |
||